Entry Nombre personal
001 - NÚMERO DE CONTROL
- campo de control: 17904
003 - IDENTIFICADOR DE NÚMERO DE CONTROL
- campo de control: SpMaBN
005 - FECHA Y HORA DE LA ÚLTIMA TRANSACCIÓN
- campo de control: 20230526135234.0
008 - ELEMENTOS DE DATO DE LONGITUD-FIJA
- campo de control de longitud fija: 901120nn ainnnaabn a aaa
016 ## - NÚMERO DE CONTROL DE UNA AGENCIA BIBLIOGRÁFICA NACIONAL
- Número de control del registro: BNE19900651945
024 7# - IDENTIFICADOR DE OTROS ESTÁNDARES
- Número estándar o código: https://orcid.org/0000-0002-6354-0173
- Fuente: orcid
024 7# - IDENTIFICADOR DE OTROS ESTÁNDARES
- Número estándar o código: http://viaf.org/viaf/87094519/
- Fuente: viaf
024 7# - IDENTIFICADOR DE OTROS ESTÁNDARES
- Número estándar o código: https://isni.org/isni/0000000059639555
- Fuente: isni
024 7# - IDENTIFICADOR DE OTROS ESTÁNDARES
- Número estándar o código: http://www.wikidata.org/entity/Q57895383
- Fuente: wikidata
040 ## - FUENTE DE CATALOGACIÓN
- Centro catalogador/agencia de origen: SpMaBN
- Lengua de catalogación: spa
- Centro/agencia transcriptor: SpMaBN
- Normas de descripción: rdc
- Convención/Normas de encabezamiento de materia/tesauro: embne
- Centro/agencia modificador: ES-MaACL
046 ## - FECHAS CON CODIFICACIÓN ESPECIAL
- Fecha de nacimiento: 1947
100 1# - ENCABEZAMIENTO-NOMBRE DE PERSONA
- Nombre de persona: Abad, Isabel,
- Fechas asociadas al nombre: 1947-
370 ## - LUGAR ASOCIADO
- Lugar de nacimiento: España, Cataluña, Barcelona (Provincia), Barcelona
- Fuente del término: embne
372 ## - CAMPO DE ACTIVIDAD
- Campo de actividad: Poesía
- Fuente del término: tgfbne
372 ## - CAMPO DE ACTIVIDAD
- Campo de actividad: Traducción
- Fuente del término: embne
374 ## - OCUPACIÓN
- Ocupación: Poetas españoles
- Ocupación: Traductores
- Ocupación: Filólogos
- Fuente del término: embne
375 ## - GÉNERO/SEXO
- Género: Femenino
377 ## - IDIOMA ASOCIADO
- Código del idioma: spa
- Término de lengua/lenguaje: Español
400 1# - TRAZADO DE VÉASE--NOMBRE DE PERSONA
- Nombre de persona: Abad García, Isabel,
- Fechas asociadas al nombre: 1947-
670 ## - FUENTE DE DATOS ENCONTRADOS
- Cita de la fuente: Beber de mi peligro, 2013;
- Información encontrada: port. (Isabel Abad)
670 ## - FUENTE DE DATOS ENCONTRADOS
- Cita de la fuente: Los hombros del oro, 1988;
670 ## - FUENTE DE DATOS ENCONTRADOS
- Cita de la fuente: 101 Trucos de belleza, 1976;
- Información encontrada: v. port. (traducción del francés: Isabel Abad)
670 ## - FUENTE DE DATOS ENCONTRADOS
- Cita de la fuente: WWW Poetas Siglo Veintiuno, 18-09-2013;
- Información encontrada: (Isabel Abad, n. 1947 en Barcelona; lic. en Filología Clásica, fue prof. de latín en escuelas e institutos; poeta)
670 ## - FUENTE DE DATOS ENCONTRADOS
- Cita de la fuente: Llamada telefónica de la autora, 20-09-2013;
- Información encontrada: (Isabel Abad García, también es traductora, confirma la autoría de las obras asignadas)
670 ## - FUENTE DE DATOS ENCONTRADOS
- Cita de la fuente: WWW Bn España aut., 26-05-2023;
- Información encontrada: (Abad, Isabel, 1947-)
955 ## - CATALOGADOR - EDICIÓN
- Nombre del catalogador: Julia Mas Vieira
